000 00581nam a2200193Ia 4500
005 20250923145521.0
008 008 250917s9999 xx 000 0 eng d
037 _aTextual
040 _aDSWL
_beng
_cDSWL
041 _aeng
_2eng
084 _aX:770bR37:4, N76
_qDSWL
245 0 _aValues and development :Appraisey of Asian experience
_cEd. by H.D.Lasswell
260 _aCambridge
_bMassachusetts MIT Press
_c1976
300 _ax,291 p.
365 _aUSD
_b19.95
925 _g19.95
942 _cTEXL
_hX:770bR37:4, N76
999 _c1452325
_d1452325